000 00574nam a2200229Ia 4500
003 OSt
005 20220918215410.0
006 a|||||r|||| 00| 0
007 ta
008 220917b |||||||| |||| 00| 0 eng d
024 _a141,125
037 _cTextual
040 _aARTS
_cARTS
_beng
041 _2eng
_aeng
082 _aY1:5.1-3.N5, J5
100 _aMcCleary G F
_9134012
245 0 _aPeopling the British commonwealth
260 _c1955
650 _aSOCIOLOGY
942 _hY1:5.1-3.N5, J5
_cTEXL
_2CC
999 _c264086
_d264086